MARC

LEADER 00000nam0a2200000 4500
001 264195
005 20231101233817.0
010 |a 5726000749 
035 |a (RuTPU)RU\TPU\book\287186 
090 |a 264195 
100 |a 20140617d1988 k y0rusy50 ca 
101 0 |a rus 
102 |a RU 
105 |a y z 000zy 
200 1 |a Льготы участникам Великой Отечественной войны  |f сост. М. Л. Захаров 
205 |a 3-е изд., изм. и доп. 
210 |a Москва  |c Юридическая литература  |d 1988 
215 |a 128 с. 
606 1 |a Пенсии и пособия  |x Правовое регулирование  |2 stltpush  |3 (RuTPU)RU\TPU\subj\48459  |9 67326 
610 1 |a социальное благосостояние 
610 1 |a льготы 
610 1 |a участники Великой отечественной войны 
610 1 |a медицинское обеспечение 
610 1 |a жилищно-бытовые льготы 
610 1 |a проездные билеты 
610 1 |a права 
610 1 |a трудоустройство 
686 |a Х627.6  |v LBC/SL-A  |2 rubbk 
702 1 |a Захаров  |b М. Л.  |4 220 
801 1 |a RU  |b 63413507  |c 20140617 
801 2 |a RU  |b 63413507  |c 20150213  |g RCR 
942 |c BK